LEADER 01685nam 2200385Ia 450 001 996387464503316 005 20221108093329.0 035 $a(CKB)4940000000082108 035 $a(EEBO)2240938801 035 $a(OCoLC)ocm15666654e 035 $a(OCoLC)15666654 035 $a(EXLCZ)994940000000082108 100 $a19870511d1679 uy | 101 0 $aeng 135 $aurbn#|||a|bb| 200 14$aThe history of the reformation of the Church of England$hThe first part$b[electronic resource] $eof the progress made in it during the reign of K. Henry the VIII /$fby Gilbert Burnet 210 $aLondon $cPrinted by T.H. for Richard Chiswell ...$dMDCLXXIX [1679] 215 $a[18], 376, [2], 368, [4] p., [7] leaves of plates $cill., ports 300 $aIn two parts. Each part has special t.p. ans separate pagination. 300 $a"A collection of records and original papers, with other instruments referred to in the former history": p. [1]-304 of the third count. 300 $aIncludes engraved portraits, by Robert White, of Henry, Catherine of Aragon, Thomas Wolsey, Thomas Cranmer, Anne Boleyn, Thomas Cromwell, and Thomas More. 300 $aReproduction of original in the Cambridge University Library. 320 $aIncludes bibliographical references and indexes. 330 $aeebo-0021 606 $aReformation$zEngland 615 0$aReformation 700 $aBurnet$b Gilbert$f1643-1715.$0193326 701 $aWhite$b Robert$f1645-1703.$0845954 801 0$bEAK 801 1$bEAK 801 2$bWaOLN 906 $aBOOK 912 $a996387464503316 996 $aThe history of the reformation of the Church of England$92359688 997 $aUNISA